Estadísticas para Países más cercanos a Benín - carrera de un minuto

Haz click aquí para intentar la prueba.

Estadísticas generales

  • Esta prueba ha sido intentada 12 veces
  • La puntuación promedio es 13 de 20

Estadísticas de respuestas

kmpaís% Correcto
0Níger
100%
0Nigeria
100%
1114Chad
80%
947Guinea
80%
326Malí
80%
1261Congo
70%
857Mauritania
70%
1232Sierra Leona
70%
0Togo
70%
0Burkina Faso
60%
315Côte d'Ivoire
60%
43Ghana
60%
1340Senegal
60%
668Camerún
50%
997Liberia
50%
1291República
Centroafricana
50%
733Argelia
40%
735Santo Tomé y Príncipe
40%
969Gabón
30%
720Guinea Ecuatorial
30%

Distribución de puntuación

Porcentaje por número respondido

Porcentaje de gente con cada puntuación

Historial de tus puntuaciones

No has intentado esta prueba.